000 03239ncm0a2200481 4500
001 RU\NLR\ONIZ\266137
005 20250625113739.0
035 _a(NLR Aleph) 022083625
071 2 0 _a7064
090 _a12695874
_c12695874
100 _a20220526d1926 |||y0rusy50 ca
101 0 _arus
_ager
102 _aRU
125 _az|
145 0 _ab
200 1 _aПестрые бабочки
_bНоты
_e5 легких пьесок для фортепиано в 4 руки
_fФ. Бер
203 _aМузыка
_bзнаковая
_bвизуальная
_cнепосредственная
210 _aМосква
_cГосударственное издательство, Музыкальный сектор
_d1926
215 _a35 с.
_d31 см
313 _aСистематизация документа проведена по изданию - Методика классифицирования музыкальных произведений (нотных изданий) по таблицам Библиотечно-библиографических классификаций : метод. рекомендации / Гос. б-ка СССР им. В.И. Ленина.- М., 1977. Индексу ББК методических рекомендаций присваивается код ББК для научных библиотек - LBC/SL
327 1 _a1. Танец кукол = Puppen-Gavotte ;
_a2. Конькобежцы-галоп = Eislauf-Galopp ;
_a3. Альпийская роза = Alpenröslein ;
_a4. Торжественный марш = Gratulations-Marsch ;
_a5. Вальс цветов = Blumenlieder : Walzer
464 0 _12001#$aТанец кукол$dPuppen-Gavotte$zger
_1215##$aС.2-7
_tТанец кукол
464 0 _12001#$aКонькобежцы-галоп$dEislauf-Galopp$zger
_1215##$aС.8-13
_tКонькобежцы-галоп
464 0 _12001#$aАльпийская роза$dAlpenröslein$zger
_1215##$aС.14-19
_tАльпийская роза
464 0 _12001#$aТоржественный марш$dGratulations-Marsch$zger
_1215##$aС.20-25
_tТоржественный марш
464 0 _12001#$aВальс цветов$dBlumenlieder$eWalzer$zger
_1215##$aС.26-35
_tВальс цветов
606 1 _aФортепианная музыка немецкая
_z19 в.
_jНоты
_2nlr_sh
606 1 _aМузыкальные произведения для фортепиано в 4 руки
_yГермания
_z19 в.
_jНоты
_2nlr_sh
606 1 _aПьесы для фортепиано в 4 руки (1-4 кл. ДМШ)
_jНоты
_2nlr_sh
606 1 _aЦиклы характерных и лирических пьес для фортепиано в 4 руки
_yГермания
_z19 в.
_jНоты
_2nlr_sh
686 0 _aЩ952.425.4-058.9я44(4Г)
686 0 _aЩ952.425.4-054(4Г)
686 0 _aЩ952.425.498(4Г)я44
700 1 _9z02790
_aБер
_bФ.
_f1837-1898
_gФранц
_4230
_7ca
790 1 _9z02700
_aBehr
_bF.
_f1837-1898
_gFranz
_4230
_7ba
801 0 _aRU
_bNLR
_c20220526
_gPSBO
801 1 _aRU
_bNLR
_c20220526
_2rusmarc
801 2 _aRU
_bNLR
_c20230516
852 _aNLR
_bМ
_jК-4/5434
_p269949
_t1
942 _cSCORE
980 _aNB
980 _aONIZ